| 000 | 00823cam a2200253 4500 | ||
|---|---|---|---|
| 001 | ABS62636 | ||
| 008 | 000000n2000 000 0 eng u | ||
| 035 | _a(Sirsi) u107347 | ||
| 100 | _aWoodman, J. | ||
| 245 | _aScottish and English dilapidations law | ||
| 260 | _c2000 | ||
| 490 |
_aCSM (Chartered Surveyor Monthly) _vJuly/August 2000, 31(1) |
||
| 520 | _aSummarises some of the most important fundamental differences between the law and practice of dilapidations in Scotland and England. NB UNABLE TO SUPPLY PHOTOCOPY OF FULL COPY OF ARTICLE. ASH 8/3/04 | ||
| 590 | _aABS | ||
| 650 |
_aDilapidations _96235 |
||
| 650 | _aSCOTLAND | ||
| 650 | _aENGLAND | ||
| 650 | _aBREAK OPTIONS | ||
| 650 | _aFORFEITURE | ||
| 650 | _aDAMAGES | ||
| 690 |
_aDilapidations _96235 |
||
| 700 | _aFleming, M. | ||
| 942 | _n0 | ||
| 999 |
_c64185 _d64185 |
||